| Tag |
First Indicator |
Second Indicator |
Subfields |
| LEADER |
00000cam a2200000 a 4500 |
| 001 |
in00000004490 |
| 005 |
20151007051206.0 |
| 008 |
990521s1999 vauab b f000 0 eng d |
| 035 |
|
|
|a (OCoLC)41406323
|
| 035 |
|
|
|9 AJH1977AM
|
| 040 |
|
|
|d GPO
|d DLC
|d MvI
|d UtOrBLW
|
| 043 |
|
|
|a n-usm--
|
| 049 |
|
|
|a UDOC
|
| 074 |
|
|
|a 0621-L
|
| 086 |
0 |
|
|a I 19.127:163-98
|
| 245 |
0 |
0 |
|a Discharge of herbicides from the Mississippi River basin to the Gulf of Mexico, 1991-97.
|
| 246 |
1 |
|
|i At head of title:
|a USGS, science for a changing world
|
| 264 |
|
1 |
|a [Reston, Va.] :
|b [U.S. Dept. of the Interior, U.S. Geological Survey],
|c [1999]
|
| 300 |
|
|
|a 4 unnumbered pages :
|b color illustrations, color map ;
|c 28 cm.
|
| 336 |
|
|
|a text
|b txt
|2 rdacontent
|
| 337 |
|
|
|a unmediated
|b n
|2 rdamedia
|
| 338 |
|
|
|a volume
|b nc
|2 rdacarrier
|
| 490 |
1 |
|
|a USGS Fact sheet ;
|v FS-163-98
|
| 500 |
|
|
|a Caption title.
|
| 500 |
|
|
|a Shipping list number: 99-0232-P.
|
| 500 |
|
|
|a "April 1999"--P. [1].
|
| 504 |
|
|
|a Includes bibliographical references (page [4]).
|
| 650 |
|
0 |
|a Water
|x Pollution
|z Mississippi River Watershed.
|
| 650 |
|
0 |
|a Herbicides
|x Environmental aspects
|z Mississippi River Watershed.
|
| 710 |
2 |
|
|a Geological Survey (U.S.)
|
| 830 |
|
0 |
|a Fact sheet (Geological Survey (U.S.)) ;
|v FS-98-163.
|
| 999 |
|
|
|a MARS
|
| 999 |
f |
f |
|s 7d67447f-0f27-3872-b746-573e03c80e53
|i f7472c36-926f-3593-a075-b0b69ad32ad0
|t 0
|
| 952 |
f |
f |
|p normal
|a Texas A&M University
|b College Station
|c Sterling C. Evans Library
|d Evans: US Documents (Annex 5th floor)
|t 0
|e I 19.127:163-98
|h Superintendent of Documents classification
|i unmediated -- volume
|m A14838163952
|
| 998 |
f |
f |
|a I 19.127:163-98
|t 0
|l Evans: US Documents (Annex 5th floor)
|